Draho zaplatené dobrodružstvá. 2
Riaditeľka Centra pre medzinárodnoprávnu ochranu detí a mládeže v Bratislave JUDr. Alena Mátejová o možnostiach vymáhania výživného zo zahraničia. Postup v prípade únosu dieťaťa. Opatrnosť pri vzťahoch s cudzincami v záujme ochrany detí.
Uložené v:
| Hlavný autor: | |
|---|---|
| Ďalší autori: | |
| Médium: | Kapitola |
| Jazyk: | Slovak |
| Predmet: | |
| Tagy: |
Žiadne tagy, Buďte prvý, kto otaguje tento záznam!
|
MARC
| LEADER | 00000naa a2200000 4500 | ||
|---|---|---|---|
| 001 | r026147 | ||
| 005 | 20230824090301.4 | ||
| 041 | 0 | |a slo | |
| 044 | |a SK | ||
| 245 | 1 | 0 | |a Draho zaplatené dobrodružstvá. 2 |c A. Mátejová, M. Zábojníková |
| 520 | |a Riaditeľka Centra pre medzinárodnoprávnu ochranu detí a mládeže v Bratislave JUDr. Alena Mátejová o možnostiach vymáhania výživného zo zahraničia. Postup v prípade únosu dieťaťa. Opatrnosť pri vzťahoch s cudzincami v záujme ochrany detí. | ||
| 610 | 2 | 0 | |a Slovensko |
| 610 | 2 | 0 | |a svet |
| 610 | 2 | 0 | |a 1996 |
| 610 | 2 | 0 | |a 1997 |
| 610 | 2 | 0 | |a ochrana práv občanov |
| 610 | 2 | 0 | |a deti |
| 610 | 2 | 0 | |a mládež |
| 610 | 2 | 0 | |a cudzinci |
| 610 | 2 | 0 | |a Centrum pre medzinárodnoprávnu ochranu detí a mládeže Bratislava |
| 100 | 1 | |a Mátejová, A. | |
| 700 | 1 | |a Zábojníková, M. | |